| 000 | 004700000a22001690004500 | ||
|---|---|---|---|
| 003 | MACL | ||
| 005 | 20160223134126.0 | ||
| 008 | 160223b xxu||||| |||| 00| 0 eng d | ||
| 040 |
_aMACL _cMACL |
||
| 041 | _aHindi | ||
| 082 | _a800 | ||
| 100 |
_aडॉ रामरतन भटनागर _939655 |
||
| 245 | _aरहस्यवाद | ||
| 260 |
_bकिताब महल _aइलाहाबाद |
||
| 650 |
_aLiterature _939656 |
||
| 942 |
_cHIN _k800 _2ddc |
||
| 999 |
_c24435 _d24435 |
||